000 00663nam a2200241 a 4500
001 0001-1352
003 ELIB.Books
008 151023 2010 eng
020 _a13: SP879
035 _a(ELIB.Books)0001-1507
092 _a261.1
_bWeb
100 _aWebb-Mitchell, Brett.
245 _aDancing With Disabilities
_bOpening the Church to All God's Children
260 _aEugene
_bThe Pilgrim Press
_c1996
300 _a152
_c21.5 Cm
500 _aC/o Par Si Thu
650 _aChristian Church in Society
856 _nKBTS: Library
_uKBTS: Elib
942 _2ddc
_cBK
990 _a1
998 _cbat
_e2015-10-23
999 _c11352
_d11352